LEADER 03108nam 22006614a 450 001 9910966807203321 005 20250314161232.0 010 $a9786610463879 010 $a9781280463877 010 $a1280463872 010 $a9781423714460 010 $a1423714466 010 $a9789047400066 010 $a9047400062 035 $a(CKB)1000000000030630 035 $a(EBL)253702 035 $a(OCoLC)191946978 035 $a(SSID)ssj0000249843 035 $a(PQKBManifestationID)11204612 035 $a(PQKBTitleCode)TC0000249843 035 $a(PQKBWorkID)10230815 035 $a(PQKB)11743062 035 $a(MiAaPQ)EBC253702 035 $a(Au-PeEL)EBL253702 035 $a(CaPaEBR)ebr10089745 035 $a(CaONFJC)MIL46387 035 $a(OCoLC)935229448 035 $a(EXLCZ)991000000000030630 100 $a20030226e20031713 uy 0 101 0 $aeng 135 $aur|n|---||||| 181 $ctxt 182 $cc 183 $acr 200 14$aThe spirit of prophecy defended /$fedited and with a new introduction by J. Ramsey Michaels 205 $a1st ed. 210 $aBoston $cBrill Academic Publishers$d2003 215 $a1 online resource (582 p.) 300 $aOriginally published: The general delusion of Christians. 1713. With new introd. 311 08$a9780391041851 311 08$a0391041851 327 $aCONTENTS; List of Illustrations; Introduction to The Spirit of Prophecy Defended, 2003 Edition; Preface of Edward Irving (1832); PART ONE - A minute Inquiry into the Scripture, touching the several Ways used of God in revealing himself; namely, the Apparition of Angels, Divine Dreams, Prophetic Visions, Voices heard, and Inspir; PART TWO - Extract from most of the Writers now extant unto the Time of Constantine; shewing from them that the Spirit of Prophecy continued to be publicly acknowledged existing for three hundred Year 327 $aPART THREE - Imports that the Spirit which was condemned by some Churches, during the said Ages, under the Name of Montanism, for diabolical, was probably, by all that appears of it upon any good AuthPART FOUR - Gives an Account of many now-a-days prevailing Principles, touching the Spirit of Prophecy, which are proved to be antiscriptural, and which nevertheless are taken to be decisive, in the T 330 $aFirst published in 1713 as ""The General Delusion of Christians"", this is an apology for the miracles, signs and wonders of the Christian past and the so-called French prophets. This edition includes the text of the 1713 edition, John Lacy's marginalia, and the notes and preface of Edward Irving. 606 $aRevelation$vEarly works to 1800 606 $aProphecy$xChristianity$vEarly works to 1800 615 0$aRevelation 615 0$aProphecy$xChristianity 676 $a231.7/4 700 $aLacy$b John$f1664-$01790898 701 $aMichaels$b J. Ramsey$01790899 801 0$bMiAaPQ 801 1$bMiAaPQ 801 2$bMiAaPQ 906 $aBOOK 912 $a9910966807203321 996 $aThe spirit of prophecy defended$94327717 997 $aUNINA